El problema educacional: exposición hecha por el señor Ministro de Educación Pública en la Cámara de Diputados, el 27 de Julio de 1954
Gardado en:
| Autor Principal: | |
|---|---|
| Formato: | Libro |
| Idioma: | Lingua castelá |
| Publicado: |
Santiago
Ministerio de Educación Pública
1954
|
| Subjects: | |
| Tags: |
Engadir etiqueta
Sen Etiquetas, Sexa o primeiro en etiquetar este rexistro!
|
MARC
| LEADER | 00000nam a2200000 a 4500 | ||
|---|---|---|---|
| 001 | UCZ7163 | ||
| 003 | CL-VaPUC | ||
| 008 | 951222e19540000CL |||||||||||||||||spa|d | ||
| 082 | 0 | 4 | |a 379.2 |b HER |2 21 |
| 100 | |a Herrera Palacios, Oscar |e author |9 760518 | ||
| 245 | 1 | 3 | |a El problema educacional: exposición hecha por el señor Ministro de Educación Pública en la Cámara de Diputados, el 27 de Julio de 1954 |
| 300 | |a 37 p | ||
| 942 | |c BK | ||
| 945 | |d 19951222 00:00:00 |a lriquelm | ||
| 260 | |a Santiago |b Ministerio de Educación Pública |c 1954 | ||
| 650 | 0 | |a Estado y educación |9 311264 | |
| 650 | 7 | |a DESARROLLO DE LA EDUCACION |2 CL-VaPUC |9 351938 | |
| 650 | 0 | |a Problemas sociales |9 258537 | |
| 650 | 0 | |a Política educacional |9 308011 | |
| 650 | 0 | |a Sistemas educacionales |9 324695 | |
| 583 | |a last modification |c 19951222 00:00:00 |k Rodrigo Vera | ||
| 999 | |c 243281 |d 243279 | ||
| 952 | |0 0 |1 0 |4 0 |6 379_200000000000000_HER_1954 |7 0 |8 P |9 256832 |a BIBEDU |b BIBEDU |c BIBEDU_PB |d 2019-11-19 |i 1611658 |o 379.2 HER 1954 |p 1611658 |r 2024-01-25 |w 2019-11-19 |y BK |k EDU | ||
| 952 | |0 0 |1 0 |4 0 |6 379_200000000000000_HER_1954 |7 0 |8 P |9 256833 |a BIBEDU |b BIBEDU |c BIBEDU_PB |d 2019-11-19 |i 1613227 |o 379.2 HER 1954 |p 1613227 |r 2024-01-25 |w 2019-11-19 |y BK |k EDU | ||